000 00173nam a22000857a 4500
999 _c16254
_d16254
003 OSt
008 200626b ||||| |||| 00| 0 eng d
245 _aPUC Chemistry
942 _cBK